China's soft power and international relations / (Record no. 14832)
[ view plain ]
| 000 -LEADER | |
|---|---|
| fixed length control field | 02093cam a2200337 a 4500 |
| 001 - CONTROL NUMBER | |
| control field | 17006329 |
| 005 - DATE AND TIME OF LATEST TRANSACTION | |
| control field | 20170105102905.0 |
| 008 - FIXED-LENGTH DATA ELEMENTS--GENERAL INFORMATION | |
| fixed length control field | 111019s2012 nyua b 001 0 eng |
| 010 ## - LIBRARY OF CONGRESS CONTROL NUMBER | |
| LC control number | 2011041861 |
| 020 ## - INTERNATIONAL STANDARD BOOK NUMBER | |
| International Standard Book Number | 9780415604017 (hbk.) |
| 020 ## - INTERNATIONAL STANDARD BOOK NUMBER | |
| International Standard Book Number | 9780203122099 (ebk.) |
| 040 ## - CATALOGING SOURCE | |
| Original cataloging agency | DLC |
| Transcribing agency | DLC |
| 042 ## - AUTHENTICATION CODE | |
| Authentication code | pcc |
| 043 ## - GEOGRAPHIC AREA CODE | |
| Geographic area code | a-cc--- |
| 050 00 - LIBRARY OF CONGRESS CALL NUMBER | |
| Classification number | JZ1734 |
| Item number | .C57 2012 |
| 082 00 - DEWEY DECIMAL CLASSIFICATION NUMBER | |
| Classification number | 327.51 |
| Edition number | 23 |
| 245 00 - TITLE STATEMENT | |
| Title | China's soft power and international relations / |
| Statement of responsibility, etc. | [edited by] Hongyi Lai and Yiyi Lu. |
| 250 ## - EDITION STATEMENT | |
| Edition statement | 1st ed. |
| 260 ## - PUBLICATION, DISTRIBUTION, ETC. | |
| Place of publication, distribution, etc. | New York : |
| Name of publisher, distributor, etc. | Routledge, |
| Date of publication, distribution, etc. | 2012. |
| 300 ## - PHYSICAL DESCRIPTION | |
| Extent | xii, 216 p. : |
| Other physical details | ill. ; |
| Dimensions | 24 cm. |
| 490 0# - SERIES STATEMENT | |
| Series statement | China policy series ; |
| Volume/sequential designation | 23 |
| 504 ## - BIBLIOGRAPHY, ETC. NOTE | |
| Bibliography, etc. note | Includes bibliographical references (p. [194]-205) and index. |
| 505 0# - FORMATTED CONTENTS NOTE | |
| Formatted contents note | Introduction: the soft power concept and a rising China / Hongyi Lai -- Soft power and Chinese soft power / Zheng Yongnian and Chi Zhang -- Soft language, soft imagery and soft power in China's diplomatic lexicon / David Scott -- The quandary of China's soft-power rhetoric: the "peaceful-rise" concept and internal debate / Dominik Mierzejewski -- China's cultural diplomacy: going for soft power / Hongyi Lai -- Challenges for China's international communication / Yiyi Lu -- Challenges for China's harmonious diplomacy / Cheng (Jason) Qian -- Debunking the myth of China's soft power: changes in China's use of foreign assistance from 1949 to the present / Merriden Varral -- Is China rising at America's expenses? anti-Americanism and pro-China sentiments in global public opinion / Zixiao Yang, David Zweig, and Zhengxu Wang -- China's foreign policy as a rising power in the early 21st century: -- The struggle between taoguangyanghui and assertiveness / Suisheng Zhao. |
| 651 #0 - SUBJECT ADDED ENTRY--GEOGRAPHIC NAME | |
| Geographic name | China |
| General subdivision | Foreign relations |
| Chronological subdivision | 21st century. |
| 651 #0 - SUBJECT ADDED ENTRY--GEOGRAPHIC NAME | |
| Geographic name | China |
| General subdivision | Foreign relations |
| -- | Philosophy. |
| 700 1# - ADDED ENTRY--PERSONAL NAME | |
| Personal name | Lai, Hongyi, |
| Dates associated with a name | 1965- |
| 700 1# - ADDED ENTRY--PERSONAL NAME | |
| Personal name | Lu, Yiyi, |
| Dates associated with a name | 1970- |
| 906 ## - LOCAL DATA ELEMENT F, LDF (RLIN) | |
| a | 7 |
| b | cbc |
| c | orignew |
| d | 1 |
| e | ecip |
| f | 20 |
| g | y-gencatlg |
| 942 ## - ADDED ENTRY ELEMENTS (KOHA) | |
| Source of classification or shelving scheme | |
| Koha item type | Book |
| Withdrawn status | Lost status | Damaged status | Not for loan | Collection code | Permanent Location | Current Location | Shelving location | Date acquired | Total Checkouts | Full call number | Barcode | Date last seen | Price effective from | Koha item type |
|---|---|---|---|---|---|---|---|---|---|---|---|---|---|---|
| Centre for International Peace & Stability (CIPS) | Centre for International Peace & Stability (CIPS) | General Stacks | 10/01/2013 | 327.51 CHI 2012 | CIPS0001184 | 10/22/2013 | 10/22/2013 | Book |
